Statistics for Interesting borders

Click here to take the quiz!

General Stats

  • This quiz has been taken 58 times
  • The average score is 7 of 20

Answer Stats

HintAnswer% Correct
The United States shares the longest international border with this countryCanada
100%
River that forms border between Thailand and LaosMekong
70%
This river separates Iowa and IllinoisMississippi River
66%
A common misconception is that this wall separates England and ScotlandHadrian's Wall
64%
This imaginary line separates today and tomorrowInternational Date Line
64%
The line that divided Europe during the Cold WarIron Curtain
55%
This river separates Iowa and NebraskaMissouri River
55%
Name of the most heavily fortified border in the world, between North and South KoreaDemilitarised Zone
53%
Symbolic dividing line between the North and the South USA before the Civil WarMason-Dixon Line
42%
Spanish exclaves that border MoroccoPlazas de soberanía
34%
This town with complex borders is shared between Belgium and the NetherlandsBaarle
15%
This dyke roughly follows the border between England and WalesOffa's Dyke
15%
Whereas this 'triangle' is claimed by neither countryBir Tawil
8%
Name of the limestone shoal that vaguely connects India to Sri LankaAdam's Bridge
6%
This object marks the tripoint between Austria, Hungary and SlovakiaA picnic table
6%
This line separates Welsh speaking Wales and 'Little England beyond Wales'Landsker Line
4%
This line was created as a demarcation line between India and PakistanRadcliffe Line
4%
This uninhabited island has a border between Michigan and OhioTurtle island
4%
This 'triangle' is claimed by both Egypt and SudanHala'ib Triangle
2%
The name for the tripoint between Argentina, Brazil and ParaguayTriple Frontier
2%

Score Distribution

Percentile by Number Answered

Percent of People with Each Score

Your Score History

You have not taken this quiz